000 00586naa a2200193 4500
001 149469
003 ES-MaBCM
005 20241016184153.0
008 070613s2007 fra|r0p 0 ||fre d
021 _axx
035 _a(OCoLC)1365229959
040 _cES-MaBCM
245 0 0 _aLe modèle français d'administration publique
520 0 _aDossier sobre el tema
650 1 7 _aAdministración pública
_957460
651 1 4 _aFrancia
_9115364
773 0 _aEn:
_tLes cahiers de la fonction publique et de l'administration
_dParis
_w104646
_gNº 265 (mars 2007), p. 5-22
942 _cAREV
999 _c149469
_d149469